Analýza prevádzkovania fluidného reaktora na výrobu blokových kopolymérov diplomová práca

Salvato in:
Dettagli Bibliografici
Autore principale: Lučiková, Veronika
Natura: Libro
Lingua:slovacco
Pubblicazione: Bratislava STU FCHPT 2018
Accesso online:Visualizza in OPAC
Tags: Aggiungi Tag
Nessun Tag, puoi essere il primo ad aggiungerne!!

MARC

LEADER 00000nam a2200000 a 4500
005 20260127134123.0
008 180706 2018 xo a 001 0 slo d
035 |a vtls011765462 
039 9 |y 201807060840  |z mschk03 
040 |a STUSCHK1  |b slo  |c STUSCHK1  |e AACR2 
100 1 |a Lučiková, Veronika 
245 1 |a Analýza prevádzkovania fluidného reaktora na výrobu blokových kopolymérov  |b diplomová práca  |c Veronika Lučiková 
260 |a Bratislava  |b STU FCHPT  |c 2018 
300 |a 71 s.  |b il.  |c 25 cm 
500 |a Študijný program: chemické inžinierstvo 
500 |a Študijný odbor: chemické inžinierstvo 
500 |a Školiace pracovisko: Ústav chemického a environmentálneho inžinierstva 
500 |a Evid. číslo: FCHPT-5433-61020 
910 |a SCHK95 
999 |c 4551  |d 4551